Soviet Union Name Speedrun - Statistics

General Stats
  • This quiz has been taken 30 times
    25 since last reset
  • The average score is 13 of 15
Answer Stats
Answer % Correct
Belarus
90%
Estonia
90%
Kazakhstan
90%
Latvia
90%
Russia
90%
Turkmenistan
90%
Ukraine
90%
Georgia
85%
Moldova
85%
Uzbekistan
85%
Armenia
80%
Azerbaijan
80%
Kyrgyzstan
80%
Lithuania
80%
Tajikistan
80%
No matching quizzes found
Score Distribution
Percent of People with Each Score
Percentile by Number Answered
Your Score History
You have not taken this quiz since the last reset